000 00876nas a22003014i 4500
999 _c49466
_d49466
001 25
003 CO-MdFUSB
005 20180817115825.0
008 151030s9999 xxu 000 0 eng d
037 _bLatin America Missions
040 _aCO-MdFUSB
_bspa
_cCO-MdFUSB
_dCO-MdFUSB
_erda
041 0 _aeng
_heng
043 _ack
245 1 0 _aLatin America Evangelist
_cLatin America Missions
260 _aMiami
264 _aMiami, Estados Unidos de América
_bLatin America Missions
300 _aVolumen 71 - 86 ;
_c28 cm
310 _aNo aplica
_b1991
336 _2rdacontent
_atexto
_btxt
337 _2rdamedia
_asin mediación
_bn
338 _avolumen
362 _a1991 - 2006
546 _aTexto en inglés
650 _vPublicaciones seriadas
773 _dMiami, Estados Unidos : Latin America Missions 1991
810 _hRevista
942 _cCR
_2ddc
_a3